[Event "Memorial Romana Baka OPEN FIDE"]
[Site "Starochorzowski Dom Kultury, C"]
[Date "2014.09.28"]
[Round "3.16"]
[White "Bobecki, Tadeusz"]
[Black "Matysek, Pawel"]
[Result "0-1"]
[WhiteElo "1815"]
[BlackElo "1464"]
[PlyCount "58"]
[EventDate "2014.??.??"]

1. e4 e5 2. f4 exf4 3. Nf3 d6 4. Bc4 h6 5. d4 g5 6. O-O Bg7 7. c3 Ne7 8. Qa4+
c6 9. Qb3 d5 10. exd5 cxd5 11. Bb5+ Bd7 12. Re1 O-O 13. Ne5 Bxe5 14. Rxe5 Nbc6
15. Re1 Re8 16. Be2 Bf5 17. Nd2 Qd6 18. Qd1 Ng6 19. b4 a6 20. a4 Re6 21. Ba3
Qc7 22. Bh5 Rae8 23. Rxe6 Rxe6 24. Bg4 Bxg4 25. Qxg4 Nh4 26. Bb2 Qe7 27. Kf1
Nxd4 28. c4 Nc2 29. Ne4 Ne3+ 0-1

[Event "Memorial Romana Baka OPEN FIDE"]
[Site "Starochorzowski Dom Kultury, C"]
[Date "2014.09.28"]
[Round "3.17"]
[White "Rosicki, Marcin"]
[Black "Nowak, Adam"]
[Result "1-0"]
[WhiteElo "1794"]
[BlackElo "1458"]
[PlyCount "71"]
[EventDate "2014.??.??"]

1. e4 d6 2. d4 Nf6 3. Nc3 g6 4. f4 Bg7 5. Nf3 c5 6. Bb5+ Bd7 7. e5 Ng4 8. e6
Bxb5 9. exf7+ Kd7 10. Nxb5 Qa5+ 11. Nc3 cxd4 12. Nxd4 h5 13. h3 Qb6 14. Nce2
Nh6 15. Qd3 Nf5 16. Nxf5 Qa5+ 17. Bd2 Qxf5 18. Qb3 Qe4 19. O-O-O Na6 20. Nc3
Qb4 21. Qxb4 Nxb4 22. Ne4 Na6 23. Rhe1 Rac8 24. Ng5 Nc5 25. Bb4 Bh6 26. Re5 b6
27. g3 a5 28. Bc3 Rhf8 29. Red5 Bxg5 30. Rxg5 Ne4 31. Rxg6 Nxc3 32. bxc3 Rxc3
33. Kb2 Re3 34. Rd5 Rc8 35. Rg8 Rec3 36. Rd2 1-0

[Event "Memorial Romana Baka OPEN FIDE"]
[Site "Starochorzowski Dom Kultury, C"]
[Date "2014.09.28"]
[Round "3.18"]
[White "Cieraszewski, Piotr"]
[Black "Widera, Jan"]
[Result "1/2-1/2"]
[WhiteElo "1838"]
[BlackElo "1906"]
[PlyCount "49"]
[EventDate "2014.??.??"]

1. d4 Nf6 2. c4 c5 3. e3 e6 4. Nf3 b6 5. g3 Bb7 6. Bg2 Be7 7. O-O d6 8. Nc3 O-O
9. Re1 Nbd7 10. b3 a6 11. Bb2 Qc7 12. Rc1 Rac8 13. h3 Qb8 14. Kh2 Bc6 15. e4
cxd4 16. Nxd4 Bb7 17. f4 Rfd8 18. Rc2 Bf8 19. Qc1 e5 20. Nde2 exf4 21. Nxf4 Ne5
22. Rd1 Qa8 23. Nfd5 Bxd5 24. Nxd5 Nxd5 25. Rxd5 1/2-1/2

[Event "Memorial Romana Baka OPEN FIDE"]
[Site "Starochorzowski Dom Kultury, C"]
[Date "2014.09.28"]
[Round "3.20"]
[White "Liszek, Krzysztof"]
[Black "Gredka, Dominika"]
[Result "0-1"]
[WhiteElo "1905"]
[BlackElo "1469"]
[PlyCount "86"]
[EventDate "2014.??.??"]

1. b3 e5 2. Bb2 Nc6 3. e3 d5 4. Bb5 Bd6 5. f4 Qe7 6. fxe5 Bxe5 7. Bxe5 Qxe5 8.
Nc3 Nf6 9. Nf3 Qd6 10. O-O O-O 11. Be2 h6 12. Nb5 Qe7 13. c4 a6 14. Nbd4 Ne5
15. Nxe5 Qxe5 16. cxd5 Nxd5 17. Rc1 Rd8 18. Nf3 Qe7 19. Qc2 c6 20. Qc5 Qe6 21.
Bc4 Qe8 22. Rce1 Nf6 23. Qb6 Qe7 24. Qa5 b5 25. Bxf7+ Kxf7 26. Ne5+ Qxe5 27.
Qxd8 Qe7 28. Qd4 Kg8 29. e4 c5 30. Qe3 Bb7 31. e5 Nd5 32. Qg3 Re8 33. Re2 Qd7
34. Rfe1 Re6 35. Rf1 Bc6 36. Ref2 Re7 37. Rf8+ Kh7 38. h4 Qe6 39. h5 Be8 40.
Qd3+ g6 41. Rxe8 Rxe8 42. Rf6 Nxf6 43. Qxg6+ Kh8 0-1

[Event "Memorial Romana Baka OPEN FIDE"]
[Site "Starochorzowski Dom Kultury, C"]
[Date "2014.09.28"]
[Round "3.21"]
[White "Polasinski, Zbigniew"]
[Black "Jopek, Krzysztof"]
[Result "0-1"]
[WhiteElo "1275"]
[BlackElo "1865"]
[PlyCount "72"]
[EventDate "2014.??.??"]

1. c3 d5 2. Na3 e5 3. b3 Nf6 4. h3 c5 5. e3 Nc6 6. Bd3 Be7 7. Bb1 b6 8. Nc2 O-O
9. Ne2 Bb7 10. Kf1 Qc7 11. Ne1 Rad8 12. Ng3 e4 13. Qe2 Nb8 14. Kg1 Ba6 15. Qd1
Rfe8 16. Bb2 Nc6 17. d3 Ne5 18. d4 cxd4 19. cxd4 Nc6 20. a3 Na5 21. Ba2 Qb7 22.
b4 Nc4 23. Bxc4 Bxc4 24. Ne2 a5 25. bxa5 bxa5 26. Bc3 Qa6 27. Nf4 g5 28. Nh5
Nd7 29. g4 Rb8 30. Qa4 Rb5 31. Ng3 Bb3 32. Qxb5 Qxb5 33. Nf5 Qa6 34. h4 gxh4
35. Nxh4 Bxh4 36. Rxh4 Qe2 0-1

[Event "Memorial Romana Baka OPEN FIDE"]
[Site "Starochorzowski Dom Kultury, C"]
[Date "2014.09.28"]
[Round "4.1"]
[White "Krzyzanowski, Marcin"]
[Black "Kaczmarek, Aleksander"]
[Result "1/2-1/2"]
[WhiteElo "2347"]
[BlackElo "2289"]
[PlyCount "23"]
[EventDate "2014.??.??"]

1. d4 c5 2. c4 g6 3. Nc3 Bg7 4. Nf3 cxd4 5. Nxd4 Nc6 6. Nc2 f5 7. e3 Nf6 8. Be2
O-O 9. O-O d6 10. Rb1 Bd7 11. b4 Rc8 12. f4 1/2-1/2

[Event "Memorial Romana Baka OPEN FIDE"]
[Site "Starochorzowski Dom Kultury, C"]
[Date "2014.09.28"]
[Round "4.2"]
[White "Raszka, Janusz"]
[Black "Faron, Rafal"]
[Result "1-0"]
[WhiteElo "2140"]
[BlackElo "2034"]
[PlyCount "121"]
[EventDate "2014.??.??"]

1. e4 Nf6 2. e5 Nd5 3. Nf3 Nb6 4. d4 d6 5. Bd3 g6 6. O-O Bg7 7. c3 O-O 8. exd6
cxd6 9. Bg5 Nc6 10. Qd2 Bg4 11. Be2 Qc7 12. Na3 a6 13. h3 Bf5 14. Rac1 d5 15.
Rfe1 Rfe8 16. Nc2 Bxc2 17. Rxc2 e6 18. Bf1 Rac8 19. Bf4 Qd7 20. b3 Bf6 21. Rcc1
Rcd8 22. h4 Nc8 23. g3 Nd6 24. Bh3 Ne4 25. Qe3 Bg7 26. Kg2 b5 27. b4 f5 28.
Red1 Qb7 29. Kg1 Ra8 30. Ne5 Nd6 31. Nd3 Nc4 32. Qf3 a5 33. Nc5 Qf7 34. bxa5
Rxa5 35. Rb1 Bf8 36. Bg2 Bxc5 37. dxc5 Qe7 38. Be3 N6e5 39. Qf4 Ng4 40. Qd4
Ngxe3 41. fxe3 Rc8 42. a4 Qxc5 43. axb5 Qxd4 44. exd4 Rb8 45. Bf1 Raxb5 46. Ra1
Rb3 47. Rdc1 Nd2 48. Bd3 Rc8 49. Ra2 Nf3+ 50. Kg2 Nxd4 51. Ra4 e5 52. Re1 Nc6
53. Ba6 Rd8 54. c4 Rb2+ 55. Kf1 dxc4 56. Bxc4+ Kg7 57. Ra6 Rc8 58. Be6 Rd8 59.
Rxc6 Rbd2 60. Rxe5 Kf6 61. Rd5 1-0

[Event "Memorial Romana Baka OPEN FIDE"]
[Site "Starochorzowski Dom Kultury, C"]
[Date "2014.09.28"]
[Round "4.3"]
[White "Piesik, Piotr"]
[Black "Szmyd, Arkadiusz"]
[Result "1-0"]
[WhiteElo "2231"]
[BlackElo "2144"]
[PlyCount "93"]
[EventDate "2014.??.??"]

1. Nf3 c5 2. g3 Nc6 3. Bg2 Nf6 4. O-O e6 5. c3 d5 6. d3 Be7 7. Nbd2 O-O 8. e4
dxe4 9. dxe4 Qc7 10. Qe2 b6 11. a4 a5 12. Nc4 Ba6 13. Bf4 e5 14. Bg5 Rfd8 15.
Rfd1 Ne8 16. Bxe7 Qxe7 17. Nfd2 Nd6 18. Bf1 Qe6 19. b3 g6 20. Qf3 Bxc4 21. Bxc4
Nxc4 22. Nxc4 Ne7 23. Rxd8+ Rxd8 24. Rd1 Rxd1+ 25. Qxd1 Kg7 26. Qd8 Nc8 27. Qc7
Kf6 28. h4 h6 29. Kg2 g5 30. h5 g4 31. Kf1 Kg5 32. Nxe5 Kxh5 33. Nd3 Qxe4 34.
Nf4+ Kg5 35. Qxc8 Qh1+ 36. Ke2 Qf3+ 37. Kd2 Qxf2+ 38. Ne2 h5 39. Qg8+ Kh6 40.
Qf8+ Kh7 41. Qd8 Qf5 42. Qd3 Qxd3+ 43. Kxd3 Kg6 44. Nf4+ Kg5 45. Ng2 Kf5 46. c4
Ke5 47. Nh4 1-0

[Event "Memorial Romana Baka OPEN FIDE"]
[Site "Starochorzowski Dom Kultury, C"]
[Date "2014.09.28"]
[Round "4.4"]
[White "Morkisz, Bogdan"]
[Black "Pultorak, Jan"]
[Result "1/2-1/2"]
[WhiteElo "2123"]
[BlackElo "1929"]
[PlyCount "39"]
[EventDate "2014.??.??"]

1. e4 c5 2. Nc3 e6 3. g3 d5 4. exd5 exd5 5. d4 cxd4 6. Qxd4 Be6 7. Bg2 Nc6 8.
Qd1 Nf6 9. Bg5 Bb4 10. Nge2 h6 11. Bxf6 Qxf6 12. O-O Rd8 13. Nxd5 Bxd5 14. Bxd5
O-O 15. a3 Bc5 16. b4 Bd4 17. Nxd4 Rxd5 18. c3 Nxd4 19. cxd4 Rxd4 20. Qe2
1/2-1/2

[Event "Memorial Romana Baka OPEN FIDE"]
[Site "Starochorzowski Dom Kultury, C"]
[Date "2014.09.28"]
[Round "4.5"]
[White "Sroka, Janusz"]
[Black "Rosicki, Marcin"]
[Result "1/2-1/2"]
[WhiteElo "2069"]
[BlackElo "1794"]
[PlyCount "47"]
[EventDate "2014.??.??"]

1. e4 e5 2. Nf3 Nc6 3. d3 Nf6 4. Be2 d5 5. exd5 Nxd5 6. O-O Be7 7. Re1 Be6 8.
Bf1 Bf6 9. c4 Nb6 10. Nc3 Qd7 11. Be3 O-O-O 12. a4 Qe7 13. Qb3 Qb4 14. Qc2 Bf5
15. Bxb6 Qxb6 16. Nd5 Qc5 17. b4 Nxb4 18. Nxb4 Qxb4 19. Rab1 Qd6 20. Qb3 Qb6
21. Qa3 Qd6 22. Qb3 Qb6 23. Qa3 Qd6 24. Qb3 1/2-1/2

[Event "Memorial Romana Baka OPEN FIDE"]
[Site "Starochorzowski Dom Kultury, C"]
[Date "2014.09.28"]
[Round "4.6"]
[White "Solek, Zenon"]
[Black "Janiszewski, Maciej"]
[Result "0-1"]
[WhiteElo "1817"]
[BlackElo "1981"]
[PlyCount "72"]
[EventDate "2014.??.??"]

1. e4 Nf6 2. e5 Nd5 3. Nf3 d6 4. d4 g6 5. b3 Bg7 6. Bb2 O-O 7. c4 Nb6 8. Be2
Bg4 9. h3 Bf5 10. Nc3 Nc6 11. g4 Bd7 12. Ne4 d5 13. Nc5 Bc8 14. Qd2 a5 15. a4
f6 16. Rd1 e6 17. Qe3 Nb4 18. Rd2 Qe8 19. Ba3 dxc4 20. Bxc4 Nxc4 21. bxc4 b6
22. exf6 Bxf6 23. Ne4 Bg7 24. Rb2 Qxa4 25. Bxb4 axb4 26. O-O c5 27. Rbb1 Qc6
28. Ne5 Bxe5 29. dxe5 Ra3 30. Qe2 Bb7 31. f3 Raxf3 32. Rxf3 Rxf3 33. Qxf3 Qxe4
34. Qxe4 Bxe4 35. Rd1 b3 36. Rd2 Bc2 0-1

[Event "Memorial Romana Baka OPEN FIDE"]
[Site "Starochorzowski Dom Kultury, C"]
[Date "2014.09.28"]
[Round "4.7"]
[White "Matysek, Pawel"]
[Black "Zawierucha, Aleksander"]
[Result "0-1"]
[WhiteElo "1464"]
[BlackElo "1957"]
[PlyCount "94"]
[EventDate "2014.??.??"]

1. e4 Nf6 2. Nc3 d5 3. exd5 Nxd5 4. d4 Bf5 5. Bc4 e6 6. Nf3 Be7 7. O-O O-O 8.
Nxd5 exd5 9. Bd3 Bxd3 10. Qxd3 c6 11. Bf4 Nd7 12. Rfe1 Re8 13. Ne5 Bf8 14. Nxd7
Qxd7 15. c3 Re6 16. Re3 Rxe3 17. Qxe3 Re8 18. Qd2 Qf5 19. Kf1 h6 20. Be3 Bd6
21. h3 Qe4 22. Re1 Re6 23. f3 Qg6 24. Bf2 Rxe1+ 25. Bxe1 Qb1 26. a3 Bg3 27. Qe2
Kf8 28. Qd2 Kg8 29. Qe2 Kh7 30. Qd2 b6 31. Ke2 Bxe1 32. Qxe1 Qxb2+ 33. Kf1 Qxa3
34. Qe5 Qc1+ 35. Kf2 Qg5 36. Qc7 Qd2+ 37. Kg3 Qxc3 38. Qxf7 Qd3 39. Qxa7 Qxd4
40. Qd7 Qe5+ 41. Kf2 c5 42. Qc6 Qd4+ 43. Kg3 c4 44. Qe6 Qd3 45. Qc8 b5 46. Qd7
c3 47. Qc8 c2 0-1

[Event "Memorial Romana Baka OPEN FIDE"]
[Site "Starochorzowski Dom Kultury, C"]
[Date "2014.09.28"]
[Round "4.8"]
[White "Zylka, Stanislaw"]
[Black "Kubicka, Anna"]
[Result "1/2-1/2"]
[WhiteElo "1934"]
[BlackElo "1734"]
[PlyCount "130"]
[EventDate "2014.??.??"]

1. e4 d6 2. d4 Nf6 3. Nc3 e5 4. dxe5 dxe5 5. Qxd8+ Kxd8 6. f4 Nbd7 7. Nf3 Bd6
8. f5 c6 9. Bc4 Ke7 10. Be3 b5 11. Bd3 Bb7 12. Nd2 a5 13. a4 b4 14. Ne2 Bc5 15.
Bg5 h6 16. Bh4 Rhe8 17. Nc4 Kf8 18. Rd1 Ba6 19. Ng3 Bd4 20. b3 Ng4 21. Nf1 Nc5
22. Nfd2 Ne3 23. Nxe3 Bxd3 24. cxd3 Bxe3 25. Rb1 Nxd3+ 26. Ke2 Bxd2 27. Kxd2
Nf4 28. g3 Ng2 29. Rbc1 Nxh4 30. gxh4 Red8+ 31. Ke3 Rd6 32. Rhd1 Rxd1 33. Rxd1
Ke7 34. Rc1 Kd6 35. Rd1+ Kc7 36. Rg1 Rg8 37. h5 Kb6 38. f6 g5 39. hxg6 fxg6 40.
f7 Rf8 41. Rf1 h5 42. h4 Kc7 43. Rf6 Kd7 44. Kd3 Ke7 45. Rxg6 Rxf7 46. Rxc6 Rf4
47. Ra6 Rxh4 48. Rxa5 Ke6 49. Ra6+ Ke7 50. Rh6 Rh3+ 51. Kc4 Re3 52. Rxh5 Rxe4+
53. Kd5 Rd4+ 54. Kxe5 Rd3 55. Rh7+ Kd8 56. a5 Rxb3 57. a6 Ra3 58. a7 b3 59. Kd6
Kc8 60. Kc6 Ra6+ 61. Kb5 Rxa7 62. Rxa7 b2 63. Kc6 b1=Q 64. Ra8+ Qb8 65. Rxb8+
Kxb8 1/2-1/2

[Event "Memorial Romana Baka OPEN FIDE"]
[Site "Starochorzowski Dom Kultury, C"]
[Date "2014.09.28"]
[Round "4.9"]
[White "Sensula, Marek"]
[Black "Szczecina, Kamil"]
[Result "1-0"]
[WhiteElo "1757"]
[BlackElo "1889"]
[PlyCount "75"]
[EventDate "2014.??.??"]

1. d4 Nf6 2. Nf3 d5 3. c4 e6 4. Nc3 c5 5. e3 b6 6. Bd3 Bb7 7. O-O Nbd7 8. Qe2
Be7 9. b3 O-O 10. Bb2 Ne4 11. Rfd1 a6 12. Rac1 f5 13. Bb1 Nxc3 14. Bxc3 Qc7 15.
h4 h6 16. h5 Rad8 17. Bb2 Rf7 18. cxd5 exd5 19. dxc5 bxc5 20. Nd4 Qb6 21. Nxf5
Bf6 22. Bxf6 Nxf6 23. Ng3 Qc6 24. Rd4 cxd4 25. Rxc6 Bxc6 26. Qxa6 Bb7 27. Qb6
Rc8 28. Bf5 Rc1+ 29. Nf1 Rc6 30. Qd8+ Rf8 31. Qe7 Bc8 32. Bg6 Ba6 33. exd4 Rfc8
34. Ne3 Rc1+ 35. Kh2 Kh8 36. Nf5 R1c7 37. Qe6 Rc6 38. Nd6 1-0

[Event "Memorial Romana Baka OPEN FIDE"]
[Site "Starochorzowski Dom Kultury, C"]
[Date "2014.09.28"]
[Round "4.10"]
[White "Marek, Eugeniusz"]
[Black "Strzemiecki, Zbigniew"]
[Result "1/2-1/2"]
[WhiteElo "1761"]
[BlackElo "2379"]
[PlyCount "99"]
[EventDate "2014.??.??"]

1. c4 e5 2. Nc3 Nf6 3. g3 Bb4 4. a3 Bxc3 5. bxc3 O-O 6. Bg2 d6 7. d3 Nc6 8. Nf3
h6 9. O-O Be6 10. Qc2 Qd7 11. e4 Nh7 12. Nh4 g5 13. Nf3 f5 14. exf5 Bxf5 15.
Nd2 Bh3 16. Ne4 Bxg2 17. Kxg2 Nf6 18. f3 Nxe4 19. fxe4 Rxf1 20. Kxf1 Rf8+ 21.
Kg1 Qg4 22. Be3 Qf3 23. Qf2 Qh5 24. Qd2 Qf3 25. Qf2 Qxf2+ 26. Bxf2 Rf3 27. Rd1
Nd8 28. h3 h5 29. Kf1 Ne6 30. Ke2 Rf8 31. Be3 a6 32. d4 exd4 33. cxd4 g4 34.
Rf1 Rxf1 35. Kxf1 gxh3 36. Kg1 b5 37. cxb5 axb5 38. Kh2 Kf7 39. Kxh3 c5 40. d5
Nd8 41. Kh4 Kg6 42. e5 dxe5 43. Bxc5 Nb7 44. Bb4 e4 45. g4 hxg4 46. Kxg4 e3 47.
Kf3 Kf5 48. d6 Ke6 49. Kxe3 Nxd6 50. Kd4 1/2-1/2

[Event "Memorial Romana Baka OPEN FIDE"]
[Site "Starochorzowski Dom Kultury, C"]
[Date "2014.09.28"]
[Round "4.11"]
[White "Muc, Zbigniew"]
[Black "Rak, Dariusz"]
[Result "0-1"]
[WhiteElo "1721"]
[BlackElo "1869"]
[PlyCount "56"]
[EventDate "2014.??.??"]

1. e4 d5 2. exd5 Qxd5 3. Nc3 Qa5 4. d4 Nf6 5. Nf3 Bf5 6. Bd3 e6 7. O-O Nbd7 8.
Bf4 c6 9. a3 Bxd3 10. Qxd3 Be7 11. Rfe1 O-O 12. h3 Nd5 13. Bd2 Nxc3 14. Bxc3
Qc7 15. Re2 Rfd8 16. Rae1 Bf6 17. Qc4 Nb6 18. Qb3 Nd5 19. Bd2 Rac8 20. g3 Ne7
21. c3 Ng6 22. h4 h6 23. Nh2 Nf8 24. Ng4 Nh7 25. Bf4 Qe7 26. Nxf6+ Nxf6 27.
Rxe6 fxe6 28. Rxe6 Qf7 0-1

[Event "Memorial Romana Baka OPEN FIDE"]
[Site "Starochorzowski Dom Kultury, C"]
[Date "2014.09.28"]
[Round "4.12"]
[White "Rychlik, Bogdan"]
[Black "Galyga, Jozef"]
[Result "1/2-1/2"]
[WhiteElo "1759"]
[BlackElo "1860"]
[PlyCount "98"]
[EventDate "2014.??.??"]

1. e4 c5 2. Nf3 e6 3. d4 cxd4 4. Nxd4 a6 5. Nc3 Qc7 6. Bd3 Nc6 7. Be3 Nf6 8.
O-O b5 9. Nxc6 dxc6 10. f4 Bb7 11. e5 Nd5 12. Nxd5 cxd5 13. Qe2 Bc5 14. Kh1 g6
15. Bd2 O-O 16. Rf3 f6 17. Rg3 Qg7 18. exf6 Qxf6 19. Be3 d4 20. Bd2 Bd6 21. Rf1
Bd5 22. c4 bxc4 23. Bxc4 Bxc4 24. Qxc4 Rfc8 25. Qd3 Kf7 26. Rh3 h5 27. f5 exf5
28. Rxh5 Rh8 29. Rfxf5 gxf5 30. Rxf5 Bxh2 31. Rxf6+ Kxf6 32. g4 Bf4+ 33. Kg1
Bxd2 34. Qxd2 Ke5 35. Kg2 Rhg8 36. Kg3 a5 37. Qf4+ Kd5 38. Qf5+ Kc4 39. b3+ Kc3
40. Qc5+ Kd3 41. Qc4+ Ke3 42. Qc1+ Ke2 43. Qc2+ Ke3 44. Qf2+ Kd3 45. Qf5+ Kd2
46. g5 d3 47. g6 Kc3 48. Qf6+ Kc2 49. Qc6+ Kd1 1/2-1/2

[Event "Memorial Romana Baka OPEN FIDE"]
[Site "Starochorzowski Dom Kultury, C"]
[Date "2014.09.28"]
[Round "4.13"]
[White "Stepaniec, Lukasz"]
[Black "Klementys, Jerzy"]
[Result "0-1"]
[WhiteElo "1856"]
[BlackElo "1675"]
[PlyCount "44"]
[EventDate "2014.??.??"]

1. d4 Nf6 2. c4 g6 3. Nc3 Bg7 4. e4 d6 5. Nf3 O-O 6. Be2 e5 7. d5 c6 8. O-O
cxd5 9. exd5 Na6 10. h3 Nh5 11. a3 f5 12. Bg5 Nf6 13. b4 h6 14. Bc1 b6 15. Ra2
Nc7 16. c5 bxc5 17. bxc5 e4 18. Ne5 dxe5 19. d6 Ne6 20. c6 Nd4 21. Bc4+ Kh7 22.
Nb5 Nxc6 0-1

[Event "Memorial Romana Baka OPEN FIDE"]
[Site "Starochorzowski Dom Kultury, C"]
[Date "2014.09.28"]
[Round "4.14"]
[White "Tchorzewski, Kazimierz"]
[Black "Mandla, Maciej"]
[Result "1-0"]
[WhiteElo "1828"]
[BlackElo "1635"]
[PlyCount "93"]
[EventDate "2014.??.??"]

1. e4 c5 2. Nf3 Nc6 3. d4 cxd4 4. Nxd4 e5 5. Nb5 d6 6. N1c3 a6 7. Na3 b5 8. Nd5
Nge7 9. c4 Nd4 10. cxb5 Nxd5 11. exd5 Be7 12. Bc4 O-O 13. O-O Bg5 14. Be3 Bxe3
15. fxe3 Nxb5 16. Nxb5 axb5 17. Bxb5 Qb6 18. Qd3 e4 19. Qe2 f5 20. a4 Bb7 21.
Rad1 f4 22. Rd4 fxe3 23. Rxf8+ Rxf8 24. Qxe3 Bxd5 25. Rxe4 Qb7 26. Re8 Qf7 27.
Rxf8+ Kxf8 28. Qf2 Ke7 29. Qxf7+ Bxf7 30. Bc6 Kd8 31. b4 Kc7 32. Be4 g6 33. a5
Bc4 34. Ba8 d5 35. Kf2 d4 36. Ke1 Bb5 37. Kd2 Kb8 38. Be4 Ka7 39. h4 Kb8 40. g4
Kc7 41. g5 Bf1 42. Bd3 Bg2 43. Be2 Be4 44. h5 gxh5 45. Bxh5 Kb7 46. Be2 Bd5 47.
Kd3 1-0

[Event "Memorial Romana Baka OPEN FIDE"]
[Site "Starochorzowski Dom Kultury, C"]
[Date "2014.09.28"]
[Round "4.15"]
[White "Kostowski, Andrzej"]
[Black "Blasiak, Miroslaw"]
[Result "1/2-1/2"]
[WhiteElo "1629"]
[BlackElo "1818"]
[PlyCount "26"]
[EventDate "2014.??.??"]

1. d4 d5 2. c4 c6 3. Nf3 Nf6 4. e3 e6 5. c5 Be7 6. Bd3 O-O 7. Qc2 b6 8. b4 a5
9. bxa5 bxc5 10. dxc5 Ba6 11. Bxa6 Rxa6 12. Bd2 h6 13. O-O Nbd7 1/2-1/2

[Event "Memorial Romana Baka OPEN FIDE"]
[Site "Starochorzowski Dom Kultury, C"]
[Date "2014.09.28"]
[Round "4.16"]
[White "Pasieka, Marcin"]
[Black "Widera, Jan"]
[Result "1-0"]
[WhiteElo "1626"]
[BlackElo "1906"]
[PlyCount "43"]
[EventDate "2014.??.??"]

1. e4 c5 2. d4 cxd4 3. c3 g6 4. cxd4 d6 5. Nc3 Bg7 6. Be3 Nf6 7. h3 O-O 8. Nf3
a6 9. Bd3 Nc6 10. Rc1 Bd7 11. O-O b5 12. e5 Ne8 13. Be4 Rc8 14. Bf4 dxe5 15.
dxe5 Nc7 16. Qd2 Ne6 17. Bh6 Nc5 18. Bxg7 Nxe4 19. Qh6 f6 20. Bxf8 Qxf8 21.
Qxf8+ Kxf8 22. Nxe4 1-0

[Event "Memorial Romana Baka OPEN FIDE"]
[Site "Starochorzowski Dom Kultury, C"]
[Date "2014.09.28"]
[Round "4.17"]
[White "Jopek, Krzysztof"]
[Black "Wirtek, Jerzy"]
[Result "0-1"]
[WhiteElo "1865"]
[BlackElo "1706"]
[PlyCount "54"]
[EventDate "2014.??.??"]

1. d4 d5 2. c4 e6 3. Nc3 Nf6 4. cxd5 exd5 5. Bg5 Be7 6. e3 h6 7. Bh4 O-O 8. Bd3
c6 9. Qc2 a5 10. Nge2 Na6 11. a3 Nc7 12. O-O Ne6 13. f3 Nh5 14. Bf2 Bh4 15.
Rad1 Bxf2+ 16. Rxf2 Re8 17. Qd2 Qh4 18. g4 Ng5 19. Kg2 Qh3+ 20. Kh1 Nxf3 21.
Qc2 Bxg4 22. Rg1 Nxg1 23. Kxg1 Rxe3 24. Nc1 Re1+ 25. Bf1 Bf3 26. Nd3 Rxf1+ 27.
Rxf1 Qg4+ 0-1

[Event "Memorial Romana Baka OPEN FIDE"]
[Site "Starochorzowski Dom Kultury, C"]
[Date "2014.09.28"]
[Round "4.18"]
[White "Lendla, Janusz"]
[Black "Cieraszewski, Piotr"]
[Result "1/2-1/2"]
[WhiteElo "1637"]
[BlackElo "1838"]
[PlyCount "25"]
[EventDate "2014.??.??"]

1. d4 d5 2. c4 e6 3. Nc3 c6 4. Nf3 Nf6 5. Bg5 Nbd7 6. e3 Be7 7. Rc1 dxc4 8.
Bxc4 Nd5 9. Bxe7 Qxe7 10. Nxd5 exd5 11. Be2 O-O 12. O-O Nf6 13. h3 1/2-1/2

[Event "Memorial Romana Baka OPEN FIDE"]
[Site "Starochorzowski Dom Kultury, C"]
[Date "2014.09.28"]
[Round "4.19"]
[White "Bobecki, Tadeusz"]
[Black "Nowakowski, Jan"]
[Result "1/2-1/2"]
[WhiteElo "1815"]
[BlackElo "1692"]
[PlyCount "130"]
[EventDate "2014.??.??"]

1. e4 e5 2. f4 d5 3. exd5 exf4 4. Nc3 Nf6 5. Nf3 Nxd5 6. d4 Bb4 7. Qd3 O-O 8.
Be2 Re8 9. Bd2 Bxc3 10. bxc3 Ne3 11. Kf2 Bf5 12. Qb5 Nxc2 13. Qxf5 Nxa1 14.
Rxa1 Nd7 15. Bd3 Nf6 16. Bxf4 g6 17. Qh3 h5 18. Ne5 c5 19. Bc4 Ne4+ 20. Kg1 Nd6
21. Bd5 Kg7 22. dxc5 Nf5 23. Bxf7 Rxe5 24. Bxe5+ Kxf7 25. Qf3 Qc8 26. Qd5+ Kf8
27. Rf1 Qc6 28. Bd6+ Kg7 29. Qe5+ Kh7 30. Qe6 Qe8 31. Qb3 Qd7 32. h3 Re8 33.
Bf4 Re7 34. Bg5 Rg7 35. Rd1 Qc6 36. Qb4 Qe6 37. a4 Qe2 38. Rf1 Ng3 39. Rb1 Ne4
40. Bh4 Qe3+ 41. Kh1 Qd3 42. Re1 Nxc3 43. Re7 Rxe7 44. Bxe7 Qb1+ 45. Qxb1 Nxb1
46. Bf6 Nd2 47. Bd4 a6 48. Kg1 Nb3 49. Be3 Kg7 50. Kf2 Kf6 51. Kf3 Ke5 52. h4
Kf5 53. g3 Na5 54. Bf4 Nc4 55. Bc7 Nb2 56. a5 Nc4 57. Bd8 Nd2+ 58. Ke3 Ne4 59.
Kd4 Nxg3 60. c6 bxc6 61. Kc5 Ke6 62. Kxc6 Nf5 63. Kb6 Kd7 64. Bf6 Nd6 65. Kxa6
Kc6 1/2-1/2

[Event "Memorial Romana Baka OPEN FIDE"]
[Site "Starochorzowski Dom Kultury, C"]
[Date "2014.09.28"]
[Round "4.20"]
[White "Gredka, Dominika"]
[Black "Krol, Rafal"]
[Result "1-0"]
[WhiteElo "1469"]
[BlackElo "1785"]
[PlyCount "121"]
[EventDate "2014.??.??"]

1. e4 c6 2. d4 d5 3. e5 c5 4. c3 Nc6 5. Be2 Bf5 6. Nf3 e6 7. O-O cxd4 8. cxd4
Qb6 9. Nc3 Bb4 10. Na4 Qc7 11. a3 Ba5 12. b4 Bb6 13. Bb2 Rc8 14. Rc1 a6 15. Nc3
Nge7 16. b5 axb5 17. Nxb5 Qb8 18. Nd6+ Kf8 19. Nxc8 Nxc8 20. Qb3 Qa7 21. Bb5
N8e7 22. Qa4 f6 23. Qxa7 Bxa7 24. h3 Be4 25. Bxc6 Nxc6 26. Nd2 Bd3 27. Rfe1
fxe5 28. dxe5 Ke7 29. a4 Kd7 30. Ba3 Nd4 31. Kh2 Nc2 32. Bd6 Nxe1 33. Rc7+ Kd8
34. Rxb7 Bxf2 35. Rb8+ Kd7 36. Rxh8 Be3 37. Nf3 Bf4+ 38. Kh1 Nxf3 39. gxf3 d4
40. Rf8 Bf5 41. Rf7+ Kc6 42. Rc7+ Kb6 43. Rc4 Be3 44. Bc5+ Kc6 45. Ba7+ Kb7 46.
Bxd4 Bd2 47. Kg2 Bd3 48. Rc5 Bb4 49. Rc1 Ba5 50. Bc3 Bc7 51. Ra1 Kc6 52. Kg3
Kd5 53. a5 Ba6 54. f4 h6 55. Be1 g5 56. Bc3 Ke4 57. fxg5 hxg5 58. Kg4 Bd8 59.
Re1+ Kd3 60. Rd1+ Kxc3 61. Rxd8 1-0

[Event "Memorial Romana Baka OPEN FIDE"]
[Site "Starochorzowski Dom Kultury, C"]
[Date "2014.09.28"]
[Round "4.21"]
[White "Mostowski, Boguslaw"]
[Black "Nowak, Adam"]
[Result "1/2-1/2"]
[WhiteElo "1766"]
[BlackElo "1458"]
[PlyCount "98"]
[EventDate "2014.??.??"]

1. e4 d6 2. d4 Nf6 3. Nc3 g6 4. f3 c6 5. Be3 Qa5 6. Qd2 b5 7. Bd3 Nbd7 8. Nge2
Bb7 9. a3 a6 10. b4 Qc7 11. Nd1 Nb6 12. Nb2 a5 13. O-O Bg7 14. Ng3 h5 15. h4
O-O 16. c3 axb4 17. axb4 Nbd7 18. Nh1 Rxa1 19. Rxa1 Ra8 20. Qc1 Qb8 21. Nf2
Rxa1 22. Qxa1 Qa8 23. Qxa8+ Bxa8 24. Nh3 e5 25. Ng5 d5 26. Bc2 Bb7 27. Nd3 exd4
28. cxd4 Nb6 29. Ne5 Nc4 30. Nxc4 dxc4 31. Kf2 Bc8 32. Bd2 Bf8 33. Bc3 Be7 34.
g3 Bd7 35. Ke3 Nh7 36. Nxh7 Kxh7 37. e5 Kg8 38. Be4 Kf8 39. d5 cxd5 40. Bxd5
Ke8 41. Be1 Bf8 42. Kd4 Be7 43. Kc3 Be6 44. Bxe6 fxe6 45. Bf2 Kf7 46. f4 Ke8
47. Be1 Kf7 48. Kd4 Ke8 49. Bc3 Kf7 1/2-1/2

[Event "Memorial Romana Baka OPEN FIDE"]
[Site "Starochorzowski Dom Kultury, C"]
[Date "2014.09.29"]
[Round "5.1"]
[White "Krzyzanowski, Marcin"]
[Black "Raszka, Janusz"]
[Result "1-0"]
[WhiteElo "2347"]
[BlackElo "2140"]
[PlyCount "75"]
[EventDate "2014.??.??"]

1. d4 d5 2. c4 dxc4 3. e3 Nf6 4. Bxc4 e6 5. Nf3 a6 6. O-O c5 7. Bb3 Nbd7 8. Qe2
b5 9. e4 Bb7 10. e5 Nd5 11. Rd1 Qc7 12. Bxd5 Bxd5 13. Nc3 Bb7 14. d5 O-O-O 15.
dxe6 fxe6 16. Bg5 Re8 17. a4 b4 18. Ne4 Nxe5 19. Nxe5 Qxe5 20. f3 Kb8 21. Bh4
Ka8 22. Bg3 Qf5 23. Rd7 Rc8 24. Qb5 Qd5 25. Rxd5 exd5 26. Qb6 Rc6 27. Qd8+ Rc8
28. Qb6 Rc6 29. Qd8+ Rc8 30. Qg5 dxe4 31. Rd1 c4 32. Bf2 c3 33. bxc3 bxc3 34.
Rd8 Bb4 35. Qe3 Kb8 36. Qa7+ Kc7 37. Qb6+ Kb8 38. Rd7 1-0